Responses for Show #1641 - Monday, October 21, 1991

Contestants

[<< previous game]

Jasmine Tygre, a waitress from Aspen, Colorado

Bill Gallagher, a teacher from Northumberland, Pennsylvania

John Alberti, a college professor originally from Los Angeles, California (whose 1-day cash winnings total $14,001)

[next game >>]

Jeopardy! Round responses

FOREIGN CURRENCY
CARTOONS
BIRDS
HEALTH & MEDICINE
MUSICAL THEATRE
THE "I"s HAVE IT
    $100 16
lek

Jasmine
    $100 1
Bedrock

John
    $100 26
the ostrich

John
    $100 11
menopause

John
    $100 5
Man of La Mancha

Bill
    $100 21
the Incas

John
    $200 17
Greece

Bill
    $200 2
(John: What is Cecil the Sea Sick Sea Serpent? The [*] Show?)

Beany and Cecil

John
    $200 28
the bill (or beak)

John
    $200 12
joints

John
    $200 6
Jerome Robbins

Triple Stumper
    $200 22
the Iberian Peninsula

Bill
    $300 18
(Bill: What is Grance?)

Italy

JohnBill
    $300 3
Speedy Gonzales

John
    $300 27
partridges

Jasmine
    $300 13
Alzheimer's

Jasmine
    $300 7
1776

John
    $300 23
the Ivy League

Bill
    $400 19
Panama

Bill
    $400 4
Nell

Bill
    $400 29
honeycomb (or beehive)

John
    $400 14
ibuprofin

Bill
    $400 9
On The Town

John
    $400 24
Icarus

John
    $500 20
Benigno Aquino

John
    $500 8
George of the Jungle

John
    $300 30
(John: What are pigeons?)

owls

John
    $500 15
Salmonella

John
    $500 10
Jumbo

Bill
    $500 25
(Jasmine: What is an ibex?)
(John: Uh, um, what is...)
...
(Alex: Less than a minute to go.)

the impala

JohnJasmine
Triple Stumper

Scores at the first commercial break (after clue 13):

John Bill Jasmine
$2,100 $1,000 $300

Scores at the end of the Jeopardy! Round:

John Bill Jasmine
$3,800 $2,200 $200

Double Jeopardy! Round responses

WORLD CITIES
LAFAYETTE
LITERATURE
PIKES PEAK
THE 20th CENTURY
IRON
    $200 2
Seattle

Jasmine
    $200 1
Valley Forge

Bill
    $200 4
Grimm's Fairy Tales

John
    $200 11
bust

Bill
    $200 13
the Falklands

Jasmine
    $200 26
meteorites

Jasmine
    $400 15
Helsinki

Jasmine
    $400 3
the Musketeers

John
    $400 5
the Divine Comedy

Jasmine
    $400 12
Colorado Springs

Bill
    $400 16
Jacqueline Kennedy (or Lady Bird Johnson)

John
    $400 27
Jamestown

John
    $600 20
Brussels

Jasmine
    $600 6
the storming of the Bastille

Jasmine
    $600 8
Stephen Crane

Bill
    $600 23
Unser

Bill
    $600 17
Nigeria

John
    $600 28
Venezuela

John
    $2,000 21
Medina & Mecca

Jasmine
    $800 7
Napoleon

John
    $800 9
Henry Miller

John
    $800 24
Zebulon

Bill
    $800 18
a baboon

John
    $800 29
slag

John
    $1000 22
Bordeaux

Bill
    $1000 14
Louisiana

Bill
    $1000 10
Les Liaisons dangereuses

John
    $2,000 25
"America The Beautiful"

Bill
    $1000 19
Rudolf Abel

Triple Stumper
    $1000 30
steel

Triple Stumper

Scores at the end of the Double Jeopardy! Round:

John Bill Jasmine
$10,600 $9,000 $4,800

[wagering suggestions for these scores]

Final Jeopardy! Round responses

U.S. PRESIDENTS
JasmineWho were Lincoln & McKinley?
$0
BillWho were Lincoln and Garfield
$8,900
JohnWho were Lincoln and McKinley
$7,401
Lincoln & Garfield

Final scores:

John Bill Jasmine
$3,199 $17,900 $4,800
3rd place: Meade telescope + Nintendo Entertainment System with Super Jeopardy! & Wheel of Fortune games for the NES & InfoGenius cartridges for the Game Boy New champion: $17,900 2nd place: a trip to Nassau, Bahamas

Game dynamics:

Coryat scores:

John Bill Jasmine
$10,900 $8,000 $3,600
27 R,
2 W
(including 1 DD)
17 R
(including 1 DD),
1 W
11 R
(including 1 DD),
1 W

Combined Coryat: $22,500

[game clues] [game scores] [suggest correction]

Game tape date: 1991-08-27
The J! Archive is created by fans, for fans. Scraping, republication, monetization, and malicious use prohibited; this site may use cookies and collect identifying information. See terms. The Jeopardy! game show and all elements thereof, including but not limited to copyright and trademark thereto, are the property of Jeopardy Productions, Inc. and are protected under law. This website is not affiliated with, sponsored by, or operated by Jeopardy Productions, Inc. Join the discussion at JBoard.tv.